000
00336 a2200169 4500
001
191089
020
_a
978-85-82400-26-5
040
_c
Magnum
100
_a
Krausz, Luis S.
240
1
0
_a
Deserto
_l
por
245
1
0
_a
Deserto
300
_a
152
362
0
_a
2013
440
1
_a
Benvirá
697
_a
LITERATURA GERAL
942
_c
BK
999
_c
191089
_d
191089